000 00386nam a2200133Ia 4500
008 220217s9999||||xx |||||||||||||| ||und||
020 _a0-07-463558-1
082 _a004 CUR
100 _aCurtin, Dennis, P Foley, Kim, etal.
_93597
245 0 _aInformation technology: The breaking wave
260 _aTata mcgraw hill
_bDelhi
_c2001
300 _b195
650 _aCOMPUTER SCIENCE
999 _c172233
_d172233